Rizika hospodářské reformy.

Okrem úspechov reformy jestvuje aj mnoho negatívnych procesov od poklesu výroby a spotreby, zvyšovania materiálovej a energetickej náročnosti výroby, rozvíjania čierneho a šedého podnikania včítane podnikania štátnych zamestnancov, cez daňové úniky ohrozujúce štátny rozpočet, zrútenie výstavby lacný...

ver descrição completa

Na minha lista:
Detalhes bibliográficos
Autor principal: Havel, J.
Formato: Capítulo de Livro
Idioma:tcheco
Assuntos:
Tags: Adicionar Tag
Sem tags, seja o primeiro a adicionar uma tag!

MARC

LEADER 00000naa a2200000 4500
001 r010413
005 20220831084105.5
041 0 |a cze 
044 |a [CS] 
245 1 0 |a Rizika hospodářské reformy.  |c J. Havel 
520 |a Okrem úspechov reformy jestvuje aj mnoho negatívnych procesov od poklesu výroby a spotreby, zvyšovania materiálovej a energetickej náročnosti výroby, rozvíjania čierneho a šedého podnikania včítane podnikania štátnych zamestnancov, cez daňové úniky ohrozujúce štátny rozpočet, zrútenie výstavby lacných bytov a pod. až po vzrast kriminality a zostrenie sociálnej diferenciácie. Ekonomika sa priblížila krízovým 30. rokom. Problémy, ktoré čakajú ekonomiku po rozdelení ČSFR. 
610 2 0 |a reformy hospodárske 
610 2 0 |a riziko 
610 2 0 |a podnikanie 
610 2 0 |a únik daňový 
610 2 0 |a ČSFR 
610 2 0 |a zmeny štruktúrne 
610 2 0 |a Čechy 
610 2 0 |a Slovensko 
610 2 0 |a privatizácia 
610 2 0 |a bankrot 
610 2 0 |a úroveň rozvoja hospodárskeho 
100 1 |a Havel, J.